00880nam a22002537a 45000010005000000030006000050050017000110080041000280200018000690400029000870500015001160820008001311000020001392450035001592500053001942600039002473000044002865050008003305200181003385210020005195210020005396500029005597000038005884944FISKH20241025160550.0241025b cb ||||| |||| 00| 0 eng d a9780439280686 aFISKHbengcFISKHdFISKH aPZ7.B82816 a544 aBruchac, Joseph aSacajawea /cby Joseph Bruchac aFirst Scholastic paperback printing , March 2001 aNew York : bScholastic ;c2000 .  a199 pages : billustrations ;c20 cm .  aU  aSacajawea, a Shoshoni Indian interpreter, peacemaker, and guide, and William Clark alternate in describing their experiences on the Lewis and Clark Expedition to the Northwest.8 a840 bLexile 8 aU bRaz-Plus  aNative Americanvfiction aJohnson, Stephen T.eillustrator